[Event "JUG-ch"]
[Site "?"]
[Date "1989.??.??"]
[Round "?"]
[White "Cebalo, Miso"]
[Black "Maksimovic, Branimir"]
[Result "1-0"]
[WhiteElo "2505"]
[BlackElo "2425"]

1.d4 Nf6 2.Nf3 e6 3.c4 Bb4+ 4.Nbd2 O-O 5.a3 Be7 6.g3 d5 7.Bg2 b6 8.O-O c5
9.cxd5 exd5 10.b3 Nc6 11.Bb2 Bf5 12.Rc1 Rc8 13.Re1 Nxd4 14.Bxd4 cxd4 15.Nxd4 Qd7
16.b4 a5 17.Qb3 axb4 18.axb4 Rxc1 19.Rxc1 Rc8 20.Ra1 Bh3 21.e3 h5 22.b5 h4
23.Nc6 Bxg2 24.Kxg2 Bc5 25.Ra4 h3+ 26.Kg1 Re8 27.Qd3 Ng4 28.Nf3 Nxe3 29.Nfe5 Qf5
30.fxe3 Qxd3 31.Nxd3 Bxe3+ 32.Kf1 Re6 33.Nf4 Re4 34.Rxe4 dxe4 35.Nxh3 g6
36.Nf4 Bxf4  1-0

[Event "Kecskemet"]
[Site "Kecskemet"]
[Date "1989.??.??"]
[Round "?"]
[White "Lechtynsky, Jiri"]
[Black "Raicevic, Ivica"]
[Result "1-0"]
[WhiteElo "2430"]
[BlackElo "2325"]

1.d4 e6 2.Nf3 Nf6 3.c4 Bb4+ 4.Nbd2 O-O 5.a3 Be7 6.e4 d5 7.cxd5 exd5 8.e5 Nfd7
9.Bd3 c5 10.O-O Nc6 11.Re1 a5 12.Nf1 cxd4 13.Ng3 Nc5 14.Bc2 f6 15.Nxd4 fxe5
16.Nxc6 bxc6 17.Rxe5 Bf6 18.Rh5 h6 19.Be3 Ne4 20.Bxe4 dxe4 21.Qb3+ Kh8 22.Nxe4 Bg4
23.Nxf6 Qxf6 24.Rc5 Be6 25.Qc3 Bd5 26.Qxf6 Rxf6 27.f3 a4 28.Kf2 Re6 29.Re1 Rb8
30.Bd4 Rxe1 31.Kxe1 Rb5 32.Rc2 Kg8 33.Re2 Kf7 34.Bc3 Rb8 35.Kf2 Rd8 36.Bb4 Rd7
37.Rc2 Rb7 38.Ke3 Rb5 39.Kd4 g5 40.Ke3 Rb8 41.Rd2 Ke6 42.Kf2 Rb7 43.Kg3 Kf5
44.Bc3 Re7 45.Rd4 Bb3 46.Rd6 Re6 47.Rd8 Re7 48.Rf8+ Bf7 49.Ra8 Bb3 50.Ra5+ Kg6
51.h4 Rd7 52.Re5 Rd6 53.Rc5 Kh5 54.Bb4 Rd5 55.Rxc6 gxh4+ 56.Kh3 Re5 57.Bc3 Be6+
58.g4+ hxg3 59.Kg2 Re2+ 60.Kxg3 Bb3 61.Kf4 Re6 62.Rc7 Re8 63.Rc5+ Kg6 64.Rc6+ Re6
65.Rc5 Re7 66.Be5 h5 67.Rc6+ Re6 68.Rc1 Re7 69.Rg1+ Kh6 70.Kf5 Rf7+ 71.Bf6 Bc2+
72.Ke6 Bb3+ 73.Ke5 Rd7 74.Kf5 Bc2+ 75.Ke6 Rb7 76.Bd4 Bb3+ 77.Kf5 Rf7+ 78.Bf6 Bc2+
79.Ke5 Rb7 80.Kf4 Rf7 81.Ke5 Rb7 82.Kd6 Rf7 83.Ke6 Bb3+ 84.Ke5 Rd7 85.Bg5+ Kh7
86.Rc1 Rd5+ 87.Kf4 Rd4+ 88.Ke3 Rc4 89.Rg1 Bc2 90.Bf6 Rc6 91.Be5 Rg6 92.Rh1 Rg5
93.f4 Rf5 94.Rc1 Bb3 95.Ke4 Rf7 96.f5 h4 97.Rc8 Kh6 98.Kf4 Bd1 99.Rh8+ Rh7
100.Rd8 Be2 101.Rd2 Bb5 102.Rh2 Kh5  1-0

[Event "Kiev"]
[Site "Kiev"]
[Date "1989.??.??"]
[Round "?"]
[White "Efimov, Igor"]
[Black "Rashkovsky, Nukhim N"]
[Result "1/2-1/2"]
[WhiteElo "2395"]
[BlackElo "2520"]

1.d4 Nf6 2.c4 e6 3.Nf3 Bb4+ 4.Nbd2 d5 5.Qa4+ Nc6 6.a3 Bxd2+ 7.Bxd2 Ne4 8.Be3 O-O
9.g3 Nd6 10.cxd5 exd5 11.Bf4 Re8 12.Bg2 Bf5 13.Bxd6 cxd6 14.O-O Qb6 15.Nh4 Be4
16.Bxe4 Rxe4 17.e3 Rae8 18.b4 Qd8 19.Nf3 Qd7 20.Kg2 a6 21.Qb3 Qf5 22.Rac1 g5
23.Nd2 R8e6 24.Nxe4 dxe4 25.Qd1 Ne7  1/2-1/2

[Event "Leningrad2"]
[Site "Leningrad"]
[Date "1989.??.??"]
[Round "?"]
[White "Epishin, Vladimir"]
[Black "Taimanov, Mark E"]
[Result "1/2-1/2"]
[WhiteElo "2460"]
[BlackElo "2495"]

1.d4 Nf6 2.c4 e6 3.Nf3 Bb4+ 4.Nbd2 d6 5.e3 O-O 6.a3 Bxd2+ 7.Qxd2 Qe7 8.b4 e5
9.Bb2 Ne4 10.Qd1 exd4 11.Qxd4 f5 12.Be2 a5 13.O-O Nc6 14.Qd5+ Be6 15.Qb5 Ra6
16.Nd4 Nxd4 17.exd4 c6 18.Qa4 axb4 19.Qxb4  1/2-1/2

[Event "Lillafured"]
[Site "Lillafured"]
[Date "1989.??.??"]
[Round "?"]
[White "Farago, Sandor"]
[Black "Rajkovic, Dusan"]
[Result "1/2-1/2"]
[WhiteElo "2395"]
[BlackElo "2500"]

1.d4 Nf6 2.c4 e6 3.Nf3 Bb4+ 4.Nbd2 O-O 5.a3 Be7 6.e4 d5 7.Qc2 c5 8.e5 Nfd7
9.cxd5 exd5 10.Bd3 h6 11.O-O Nc6 12.Re1 a5 13.Bf5 cxd4 14.Nb3 Qb6 15.e6 Nf6
16.exf7+ Rxf7 17.Bxc8 Rxc8 18.Nbxd4 Bc5 19.Ne6 Ne4 20.Nxc5 Qxc5 21.Qxc5 Nxc5
22.Be3 d4 23.Nxd4 Nxd4 24.Bxd4 Nb3 25.Rad1 Rc2 26.Be3 Rxb2 27.Rb1 Rxb1 28.Rxb1 a4
29.Rd1 b5 30.Rd8+ Rf8 31.Rd7 Rf7 32.Rd8+ Rf8 33.Rd7  1/2-1/2

[Event "Lillafured"]
[Site "Lillafured"]
[Date "1989.??.??"]
[Round "?"]
[White "Blees, Albert"]
[Black "Farago, Sandor"]
[Result "1-0"]
[WhiteElo "2345"]
[BlackElo "2395"]

1.d4 Nf6 2.c4 e6 3.Nf3 Bb4+ 4.Nbd2 b6 5.a3 Bxd2+ 6.Bxd2 Bb7 7.Bg5 h6 8.Bh4 d6
9.e3 Nbd7 10.Bd3 g5 11.Bg3 Ne4 12.Qc2 f5 13.d5 Ndc5 14.Nd4 Qf6 15.Bxe4 fxe4
16.O-O exd5 17.cxd5 Bxd5 18.b4 Nd3 19.f3 Qg6 20.Qa4+ Kd8 21.Qb5 Bb7 22.Nc6+ Bxc6
23.Qxc6 Rc8 24.fxe4 Re8 25.Rf5 Qe6 26.Rd5 Qd7 27.Qxd7+ Kxd7 28.Rxd3 Rxe4
29.Rc1 Ke6 30.Rxd6+ cxd6 31.Rxc8 Kd5 32.Rc3 Re8 33.Kf2 Re6 34.Ke2 h5 35.h3 h4
36.Bh2 b5 37.Rd3+ Kc4 38.Rxd6 Re7 39.Rg6 Kb3 40.Rxg5 a6 41.Rg6  1-0

[Event "Lugano op"]
[Site "Lugano"]
[Date "1989.??.??"]
[Round "5"]
[White "Vezzosi, Paolo"]
[Black "Schienmann, Bruno"]
[Result "1/2-1/2"]
[WhiteElo "2340"]
[BlackElo "2245"]

1.d4 e6 2.Nf3 Nf6 3.c4 Bb4+ 4.Nbd2 O-O 5.a3 Bxd2+ 6.Qxd2 a5 7.b3 d6 8.g3 b6
9.Bg2 Bb7 10.O-O Nbd7 11.Bb2 Qe7 12.Rad1 Be4 13.Bh3 Bxf3 14.exf3 d5 15.a4 c5
16.Rfe1 cxd4 17.cxd5 Nxd5 18.Bxd4 Nc5 19.Qb2 Qg5 20.Bf1 Rfd8 21.Bc4 Nb4 22.h4 Qg6
23.Bxc5 bxc5 24.Qe5 Nc2 25.Rf1 Nd4 26.Kg2 Qf5 27.Qe3 Rab8 28.Rd3 Rb4 29.Re1 g6
30.g4 Qf6 31.Qg5 Qxg5 32.hxg5 Kg7 33.f4 h6 34.gxh6+ Kxh6 35.g5+ Kg7 36.Re5 Rc8
37.Rg3 Kf8 38.Rh3 Ke7 39.Rh7 Rb6 40.Rh3 Kd6 41.Ree3 Rbb8 42.Rh7 Ke7 43.Re5  1/2-1/2

[Event "Lugano op"]
[Site "Lugano"]
[Date "1989.??.??"]
[Round "6"]
[White "Giffard, Nicolas"]
[Black "Vezzosi, Paolo"]
[Result "1-0"]
[WhiteElo "2345"]
[BlackElo "2340"]

1.Nf3 Nf6 2.c4 e6 3.d4 Bb4+ 4.Nbd2 O-O 5.Qc2 d5 6.a3 Bxd2+ 7.Bxd2 Ne4 8.Bf4 Nc6
9.e3 a5 10.Bd3 f5 11.cxd5 exd5 12.h4 h6 13.Ne5 Ne7 14.f3 Nf6 15.h5 c6 16.O-O-O b6
17.Kb1 c5 18.dxc5 bxc5 19.Qxc5 Ba6 20.Bxa6 Rxa6 21.g4 fxg4 22.Nxg4 Nxg4 23.fxg4 Qd7
24.Rhg1 Rc8 25.Qd4 Rac6 26.g5 Qf5+ 27.Ka2 Qf7 28.gxh6 Nf5 29.Qxd5 Nxh6 30.Be5  1-0

[Event "Lugano op"]
[Site "Lugano"]
[Date "1989.??.??"]
[Round "6"]
[White "Piket, Jeroen"]
[Black "Milosevic, Goran"]
[Result "1-0"]
[WhiteElo "2500"]
[BlackElo "2330"]

1.d4 Nf6 2.Nf3 e6 3.c4 Bb4+ 4.Nbd2 O-O 5.a3 Be7 6.e4 d5 7.Qc2 dxe4 8.Nxe4 Nc6
9.Bd3 h6 10.Qc3 Nxe4 11.Bxe4 Bf6 12.Be3 Ne7 13.O-O-O Nf5 14.g4 Nxe3 15.Qxe3 Be7
16.h4 f5 17.gxf5 exf5 18.Bd5+ Kh7 19.Ng5+ Bxg5 20.hxg5 Qe8 21.Qf4 c6 22.gxh6 g6
23.Rde1 Qd8 24.Qe5 Qd7 25.Be6  1-0

[Event "Lugano op"]
[Site "Lugano"]
[Date "1989.??.??"]
[Round "7"]
[White "Huss, Andreas"]
[Black "Wirthensohn, Heinz"]
[Result "1/2-1/2"]
[WhiteElo "2360"]
[BlackElo "2395"]

1.d4 Nf6 2.Nf3 e6 3.c4 Bb4+ 4.Nbd2 O-O 5.a3 Be7 6.e4 d5 7.e5 Nfd7 8.cxd5 exd5
9.Bd3 c5 10.O-O Nc6 11.Re1 Re8 12.Bc2 a5 13.h3 Nf8 14.dxc5 Bxc5 15.Nb3 Bb6
16.Bg5 Qd7 17.Be3 Bxe3 18.Rxe3 Ne6 19.Nbd4 Nexd4 20.Nxd4 Qc7 21.Nb5 Qd8 22.Nd6 Rxe5
23.Rxe5 Nxe5 24.Bxh7+ Kxh7 25.Qh5+ Kg8 26.Qxe5 Be6 27.Nb5 Qb6 28.a4 Rc8 29.Rd1 Rc2
30.Qb8+ Rc8 31.Qe5 Rc2 32.Qb8+ Rc8 33.Qg3 Rc2 34.b3 Qc5 35.Nd4 Rc1 36.Rxc1 Qxc1+
37.Kh2 Qc5 38.Qe5 Bd7 39.Qb8+ Kh7 40.Qf4 f6 41.h4 Qe7 42.Kg3 Kg6 43.Kf3 Qe1
44.g3 Qe5 45.g4 Kf7 46.Kg3 Qe1 47.Kg2 Qe5 48.Kg3 Qe1 49.Kg2 Qe5 50.Kf3 Qe1  1/2-1/2

[Event "Luzern"]
[Site "Luzern"]
[Date "1989.??.??"]
[Round "?"]
[White "Huss, Andreas"]
[Black "Cebalo, Miso"]
[Result "1-0"]
[WhiteElo "2355"]
[BlackElo "2485"]

1.d4 Nf6 2.Nf3 e6 3.c4 Bb4+ 4.Nbd2 b6 5.a3 Bxd2+ 6.Qxd2 Bb7 7.e3 O-O 8.Bd3 Ne4
9.Qc2 f5 10.O-O d6 11.Nd2 Nxd2 12.Bxd2 Nd7 13.b4 Nf6 14.f3 Qe7 15.a4 c5 16.a5 Rfd8
17.Rfb1 f4 18.exf4 cxd4 19.Re1 Re8 20.a6 Bc8 21.Qb2 e5 22.c5 Bd7 23.cxb6 axb6
24.fxe5 dxe5 25.f4 Qd6 26.fxe5 Rxe5 27.Rxe5 Qxe5 28.Re1 Qd5 29.b5 Kh8 30.Bf4 Bg4
31.h3 Bh5 32.Re5 Qd7 33.Bg5 Bg6 34.Qe2 Bxd3 35.Qxd3 Rc8 36.Re1 Rc5 37.Bxf6 gxf6
38.Ra1 Rc8 39.Rd1 Rd8 40.Kh1 Qd5 41.Rf1 Qd6 42.Qf3 d3 43.a7 Qf8 44.Rd1 Ra8
45.Qb7 Qe8 46.Rxd3 Qe1+ 47.Kh2 Qe5+ 48.Rg3 Rg8 49.Qf3  1-0

[Event "SVK-ch"]
[Site "Michalovce"]
[Date "1989.??.??"]
[Round "1"]
[White "Certek, Pavel"]
[Black "Brestak, Jan"]
[Result "1/2-1/2"]
[WhiteElo "2330"]
[BlackElo "2300"]

1.d4 e6 2.c4 Nf6 3.Nf3 Bb4+ 4.Nbd2 d5 5.e3 O-O 6.Bd3 Ne4 7.O-O f5 8.a3 Be7
9.Ne5 a5 10.f3 Nd6 11.Qc2 Nd7 12.c5 Nf7 13.Nxf7 Rxf7 14.c6 bxc6 15.Qxc6 Nb6
16.Nb3 Bd7 17.Qc3 Na4 18.Qc2 Bd6 19.Bd2 Qb8 20.Rab1 c5 21.dxc5 Bxh2+ 22.Kh1 Rf6
23.f4 Rh6 24.Rf3 Bxf4+ 25.Rh3 Bc7 26.Nd4 Qf8 27.c6 Rxh3+ 28.gxh3 Qd6 29.Be1 Nc5
30.cxd7 Nxd3 31.Nb5 Qxd7 32.Qxd3 Rb8 33.a4 Bb6 34.Bc3 Rf8 35.Be5 Qd8 36.Bd4 Qh4
37.Kg2 Bxd4 38.Qxd4 f4 39.exf4 Rxf4 40.Qe3 Re4 41.Qf3 Qg5+ 42.Kh1 Re3 43.Qg4 Qe5
44.Rg1 h5 45.Qh4 d4 46.Nxd4 Qd5+ 47.Rg2 Re4 48.Qe7 Re1+ 49.Kh2 Qe5+ 50.Rg3 Qxd4  1/2-1/2

[Event "Montpellier-A"]
[Site "Montpellier"]
[Date "1989.??.??"]
[Round "?"]
[White "Kozul, Zdenko"]
[Black "Levacic, Damir"]
[Result "1-0"]
[WhiteElo "2560"]
[BlackElo "2340"]

1.d4 Nf6 2.c4 e6 3.Nf3 Bb4+ 4.Nbd2 b6 5.a3 Bxd2+ 6.Qxd2 Bb7 7.e3 d6 8.b4 a5
9.b5 Nbd7 10.Bb2 Qe7 11.Be2 O-O 12.O-O Ne4 13.Qc2 f5 14.Ne1 Qg5 15.Bc1 Qg6
16.f3 Ng5 17.Nd3 e5 18.c5 bxc5 19.dxc5 Bd5 20.Bb2 Ne6 21.Rad1 Nf6 22.Nf2 Kh8
23.cxd6 cxd6 24.Rd2 Qg5 25.Bc1 Rac8 26.Qb2 Qxe3 27.b6 Nf4 28.Ba6 Rxc1 29.Rxc1 Nxg2
30.Rd3 Qg5 31.Nh3 Qh6 32.b7 Nh4 33.Rc8 Qg6+ 34.Kh1  1-0

[Event "URS-ch sf"]
[Site "Moscow"]
[Date "1989.??.??"]
[Round "?"]
[White "Baikov, Vladimir A"]
[Black "Kiselev, Sergey"]
[Result "0-1"]
[WhiteElo "2345"]
[BlackElo "2445"]

1.d4 Nf6 2.c4 e6 3.Nf3 Bb4+ 4.Nbd2 b6 5.e3 Bb7 6.Bd3 O-O 7.O-O d5 8.a3 Be7
9.b4 c5 10.bxc5 bxc5 11.Rb1 Qc7 12.cxd5 Bxd5 13.Qc2 h6 14.e4 Bc6 15.dxc5 Nbd7
16.Nb3 Ba4 17.Qc4 Bxb3 18.Rxb3 Qxc5 19.Be3 Qxc4 20.Bxc4 Rfc8 21.Ba6 Nc5 22.Bxc8 Nxb3
23.Bb7 Rb8 24.Bc6 Na5 25.Bxa7 Rb3 26.Ba8 Rxa3 27.Nd4 Nc4 28.Nb5 Ra5 29.Bc6 Ne5  0-1

[Event "Munich"]
[Site "Munich"]
[Date "1989.??.??"]
[Round "?"]
[White "Schlosser, Philipp"]
[Black "Petursson, Margeir"]
[Result "1-0"]
[WhiteElo "2420"]
[BlackElo "2530"]

1.d4 Nf6 2.c4 e6 3.Nf3 Bb4+ 4.Nbd2 d5 5.Qa4+ Nc6 6.e3 O-O 7.a3 Bd6 8.Qc2 e5
9.cxd5 Nxd5 10.dxe5 Nxe5 11.Nxe5 Bxe5 12.Nc4 Bf6 13.Bd3 g6 14.O-O c6 15.e4 b5
16.exd5 bxc4 17.Qxc4 cxd5 18.Qc2 Qb6 19.Rb1 Ba6 20.Bxa6 Qxa6 21.Bf4 Rfe8
22.Rfe1 d4 23.h3 d3 24.Qd2 Qc4 25.Rec1 Qb3 26.Be3 a5 27.Rc6 Be5 28.Rd1 Red8
29.Rb6 Qc2 30.Rc1 Rac8 31.Rxc2 dxc2 32.Rc6 Rxc6 33.Qxd8+ Kg7 34.g3 c1=Q+
35.Bxc1 Rxc1+ 36.Kg2 Bxb2 37.Qxa5 Rc2 38.Qb4 Be5 39.a4 Ra2 40.a5 h5 41.h4 Bf6
42.Qb6 Rd2 43.Qb4 Ra2 44.Kf3 Bd8 45.Qd4+ Bf6 46.Qb6 Rb2 47.Qxb2 Bxb2 48.Ke4  1-0

[Event "Munich"]
[Site "Munich"]
[Date "1989.??.??"]
[Round "?"]
[White "Hansen, Lars Bo"]
[Black "Cebalo, Miso"]
[Result "1/2-1/2"]
[WhiteElo "2540"]
[BlackElo "2505"]

1.d4 Nf6 2.c4 e6 3.Nf3 Bb4+ 4.Nbd2 b6 5.a3 Bxd2+ 6.Qxd2 Bb7 7.e3 O-O 8.Be2 Ne4
9.Qd3 d6 10.O-O Nd7 11.Nd2 f5 12.f3 Ng5 13.d5 a5 14.b3 Qe7 15.f4 Nc5 16.Qc2 Nge4
17.Nxe4 Nxe4 18.Rd1 Nc5 19.Bf3 a4 20.b4 Nb3 21.Ra2 exd5 22.cxd5 Ba6 23.Qc3 Rae8
24.Rc2 Rf7 25.Re1 Nxc1 26.Rcxc1 Bb5 27.Qd4 Qf8 28.Rc3 Ree7 29.Rec1 g6 30.Kh1 h6
31.g3 Kh7 32.Rg1 Rg7 33.Rcc1 Rg8 34.Rce1 Qg7 35.Qd2 Qf6 36.g4 g5 37.gxf5 Qxf5
38.Rg4 h5 39.Rgg1 g4 40.Bg2 Rf8 41.Rc1 Bd3 42.Rc3 Be4 43.Bxe4 Qxe4+ 44.Qg2 Kg6
45.Qxe4+ Rxe4 46.Kg2 Rf5 47.Rd1 Rf7 48.b5 Kf5 49.Kg3 h4+ 50.Kg2 Rg7 51.Rg1 Re8
52.Rb1 Rge7 53.Kf2 Rh7 54.Rg1 Ra8 55.Rc4 Re7 56.h3 Rg8 57.Rxa4 g3+ 58.Kf3 g2
59.Rxg2 Rxg2 60.Kxg2 Rxe3 61.Rc4 Rg3+ 62.Kh2 Rxa3 63.Rxc7 Ra2+ 64.Kg1 Rd2
65.Rc6 Rxd5 66.Rxb6 Kxf4 67.Ra6 Rxb5  1/2-1/2

[Event "Naleczow op"]
[Site "Naleczow"]
[Date "1989.??.??"]
[Round "?"]
[White "Ehrenfeucht, Wojciech"]
[Black "Ksieski, Zbigniew"]
[Result "0-1"]
[WhiteElo "2255"]
[BlackElo "2365"]

1.d4 Nf6 2.c4 e6 3.Nf3 Bb4+ 4.Nbd2 O-O 5.a3 Be7 6.e4 d5 7.Bd3 c5 8.e5 Nfd7
9.cxd5 exd5 10.O-O Nc6 11.Re1 a5 12.dxc5 Nxc5 13.Nb3 Ne4 14.Qc2 Bf5 15.Nbd4 Bg6
16.Be3 Rc8 17.Nxc6 bxc6 18.Rad1 c5 19.Nd2 Nxd2 20.Rxd2 d4 21.Bxg6 fxg6 22.Qc4+ Kh8
23.f3 Qb6 24.Bf2 Rb8 25.e6 Qb3 26.Qa6 a4 27.Re5 h6 28.Qc6 Kh7 29.Rxc5 Bxc5
30.Qxc5 Rfc8 31.Qe5 Rc1+ 32.Be1 Re8 33.e7 Qb7 34.Re2 d3 35.Qe3 Rd1 36.Rd2 Rxe7
37.Qxe7 Qxe7 38.Rxd1 Qe2 39.Rb1 Qc2 40.Ra1 Qxb2 41.Rd1 Qe2  0-1

[Event "New York op"]
[Site "New York"]
[Date "1989.??.??"]
[Round "4"]
[White "Epishin, Vladimir"]
[Black "Arnason, Jon L"]
[Result "1-0"]
[WhiteElo "2465"]
[BlackElo "2550"]

1.d4 Nf6 2.c4 e6 3.Nf3 Bb4+ 4.Nbd2 O-O 5.a3 Be7 6.e4 d5 7.Qc2 dxe4 8.Nxe4 Nc6
9.Bd3 h6 10.Be3 Ng4 11.Rd1 f5 12.Nc3 Bf6 13.O-O Bxd4 14.Bxf5 Rxf5 15.Bxd4 Rxf3
16.gxf3 Nxh2 17.Kxh2 Qh4+ 18.Kg2 Qg5+ 19.Kh1 Qh5+ 20.Kg2 Qg5+ 21.Kh1 e5 22.Be3 Qh5+
23.Kg1 Bf5 24.Qe2 Qg6+ 25.Kh2 Qh5+ 26.Kg1 Re8 27.f4 Qg6+ 28.Kh2 exf4 29.Rg1 Qf6
30.Qh5 fxe3 31.Qxe8+ Kh7 32.Qxe3 Ne5 33.Rg3 Nxc4 34.Qf4 Nd6 35.Kg1 g5 36.Qd4 Qe6
37.Re3 Qf7 38.Nd5 Kg6 39.Re7 Qf8 40.Rxc7 Be6 41.Ne7+  1-0

[Event "New York op"]
[Site "New York"]
[Date "1989.??.??"]
[Round "6"]
[White "Bisguier, Arthur Bernard"]
[Black "Arnason, Jon L"]
[Result "0-1"]
[WhiteElo "2405"]
[BlackElo "2550"]

1.d4 Nf6 2.Nf3 e6 3.c4 Bb4+ 4.Nbd2 O-O 5.a3 Be7 6.e3 c5 7.dxc5 Bxc5 8.Bd3 Be7
9.O-O b6 10.b3 Bb7 11.Bb2 d6 12.b4 Nbd7 13.e4 Re8 14.Re1 Bf8 15.Bf1 Qc7 16.Nd4 Rac8
17.g3 Qb8 18.Bg2 a6 19.Qb3 Qa8 20.Rac1 g6 21.Rcd1 Rc7 22.Nc2 Rec8 23.Ne3 Bg7
24.f3 b5 25.cxb5 axb5 26.Bf1 Ba6 27.Rc1 Nb6 28.Rxc7 Rxc7 29.Rc1 Rxc1 30.Bxc1 d5
31.exd5 exd5 32.Qd3 Nfd7 33.Bg2 Ne5 34.Qc2 d4 35.f4 Bb7 36.fxe5 dxe3 37.Bxb7 Qxb7
38.Nf1 Nc4 39.Nxe3 Qa7 40.Qd3 Bxe5 41.Kh1 Qa8+ 42.Qd5 Qxd5+ 43.Nxd5 f5 44.Kg2 Kf7
45.Kf3 Ke6 46.Ne3 Nxe3 47.Kxe3 Kd5 48.Kd3 Bf6 49.h4 Be5 50.Bf4 h6 51.Kc2 Bxf4
52.gxf4 Ke4 53.Kb3 Kxf4 54.a4 bxa4+ 55.Kxa4 Ke5 56.Ka5 Kd6  0-1

[Event "New York op"]
[Site "New York"]
[Date "1989.??.??"]
[Round "9"]
[White "Browne, Walter S"]
[Black "Akhmilovskaya, Elena"]
[Result "1-0"]
[WhiteElo "2535"]
[BlackElo "2430"]

1.d4 Nf6 2.c4 e6 3.Nf3 Bb4+ 4.Nbd2 b6 5.a3 Bxd2+ 6.Qxd2 Bb7 7.e3 Ne4 8.Qd3 O-O
9.Be2 a5 10.b3 d6 11.Bb2 Nd7 12.O-O f5 13.Rad1 Ng5 14.Nxg5 Qxg5 15.d5 e5
16.f4 Qe7 17.fxe5 Nxe5 18.Qd4 Qg5 19.Rf4 Rf6 20.Rdf1 Raf8 21.g3 Qg6 22.Bd1 Qf7
23.Bc2 Qd7 24.e4 fxe4 25.Qxe4 Qh3 26.R1f2 Qh6 27.Rxf6 Rxf6 28.Rxf6 gxf6 29.h4 Bc8
30.Kf2 Bg4  1-0

[Event "Novi Sad op"]
[Site "Novi Sad"]
[Date "1989.??.??"]
[Round "5"]
[White "Tesic, Dragan"]
[Black "Schuetz, Thomas"]
[Result "1-0"]
[WhiteElo "2335"]
[BlackElo "2310"]

1.d4 Nf6 2.Nf3 e6 3.c4 Bb4+ 4.Nbd2 O-O 5.a3 Be7 6.e4 d5 7.e5 Ne4 8.Bd3 Nxd2
9.Bxd2 dxc4 10.Bxc4 b6 11.O-O c5 12.dxc5 bxc5 13.Qe2 Qb6 14.Bg5 Bxg5 15.Nxg5 h6
16.Ne4 Nc6 17.Nf6+ Kh8 18.Bd3 Rb8 19.Qe4 g6 20.Qh4 Kg7 21.Nh5+ gxh5 22.Qf6+ Kg8
23.Qxh6 f5 24.exf6 Rb7 25.Qg6+ Kh8 26.Qxh5+ Kg8 27.Qg6+ Kh8 28.Rae1 Qd8 29.Re3 e5
30.Qh5+  1-0

[Event "Novi Sad op"]
[Site "Novi Sad"]
[Date "1989.??.??"]
[Round "8"]
[White "Brujic, Bozidar"]
[Black "Rajic, Dobrivoje"]
[Result "0-1"]
[WhiteElo "2270"]
[BlackElo "2250"]

1.d4 Nf6 2.c4 e6 3.Nf3 Bb4+ 4.Nbd2 b6 5.g3 Bb7 6.Bg2 O-O 7.O-O a5 8.Qc2 d6
9.e4 Bxd2 10.Nxd2 e5 11.d5 Na6 12.f4 Nd7 13.b3 Nb4 14.Qb1 c5 15.dxc6 Nxc6
16.Nf3 b5 17.cxb5 Qb6+ 18.Rf2 Qxb5 19.Be3 Nc5 20.Bf1 Qb4 21.Qd1 Nxe4 22.Rc2 Nd4
23.Nxd4 exd4 24.Bxd4 Rfc8 25.Rac1 Rxc2 26.Rxc2 a4 27.Rc4 Qd2 28.Qxd2 Nxd2
29.Rb4 Nf3+ 30.Kf2 Nxd4 31.Rxb7 axb3 32.axb3 Ra2+ 33.Ke3 Nf5+ 34.Ke4 g6 35.g4 d5+
36.Kd3 Nh4 37.b4 Rf2 38.Be2 Ng2 39.Rd7 Nxf4+ 40.Ke3 Rxe2+ 41.Kxf4 Re4+ 42.Kg5 Kg7
43.b5 d4 44.b6 d3 45.Rxd3 Rb4 46.Rd6 h5 47.h3 hxg4 48.hxg4 f6+ 49.Kh4 f5
50.Kh3 Rxg4 51.Rd7+ Kh6 52.Rd8 Rb4 53.Rb8 Kg5 54.b7 Kf4 55.Rg8 Rxb7 56.Rxg6 Rb2
57.Rf6 Kg5 58.Rf8 f4 59.Rg8+ Kf5 60.Rg2 Rb3+ 61.Kh2 Ke4 62.Ra2 Kf3 63.Ra1 Rb2+
64.Kg1 Kg3  0-1

[Event "Novosibirsk"]
[Site "Novosibirsk"]
[Date "1989.??.??"]
[Round "?"]
[White "Chuchelov, Vladimir"]
[Black "Makarov, Marat"]
[Result "1-0"]
[WhiteElo "2315"]
[BlackElo "2505"]

1.d4 Nf6 2.Nf3 e6 3.c4 Bb4+ 4.Nbd2 O-O 5.a3 Be7 6.e4 d5 7.cxd5 exd5 8.e5 Nfd7
9.b4 b6 10.Qb3 Bb7 11.Bd3 Re8 12.O-O Nf8 13.Re1 c6 14.Nf1 Ne6 15.Ne3 g6 16.Bb2 a6
17.Bf1 Nd7 18.a4 Ndf8 19.Red1 h5 20.g3 Qd7 21.Bg2 Red8 22.Ne1 a5 23.b5 cxb5
24.axb5 Nc7 25.Bf1 f5 26.exf6 Bxf6 27.Nf3 Kg7 28.Ne5 Qe6 29.Rac1 Rdc8 30.Ba3 Nd7
31.Nxg6 Kxg6 32.Qb1+ Kg7 33.Nf5+ Kh8 34.Re1 Qg8 35.Nd6 Ne8 36.Nxb7 Bxd4 37.Rxc8 Rxc8
38.Qf5 Nef6 39.Nd6 Rc3 40.Bb2 Qf8 41.Re8 Nxe8 42.Qxh5+ Kg7 43.Nxe8+  1-0

[Event "Novosibirsk"]
[Site "Novosibirsk"]
[Date "1989.??.??"]
[Round "?"]
[White "Kalinitschew, Sergey"]
[Black "Makarov, Marat"]
[Result "1/2-1/2"]
[WhiteElo "2455"]
[BlackElo "2505"]

1.d4 Nf6 2.Nf3 e6 3.c4 Bb4+ 4.Nbd2 O-O 5.a3 Be7 6.g3 b6 7.Bg2 Bb7 8.O-O c5
9.b3 cxd4 10.Bb2 Qc7 11.Bxd4 d6 12.Rc1 Nbd7 13.Qc2 Rac8 14.Qb1 Qb8 15.Rfd1 a6
16.a4 Bc6 17.Bh3 h6 18.Be3 Nc5 19.Nd4 Ba8 20.f3 a5 21.Bf2  1/2-1/2

[Event "Paris op-1"]
[Site "Paris"]
[Date "1989.??.??"]
[Round "?"]
[White "Sinkovics, Peter"]
[Black "Kosten, Anthony C"]
[Result "1/2-1/2"]
[WhiteElo "2290"]
[BlackElo "2515"]

1.d4 Nf6 2.Nf3 e6 3.c4 Bb4+ 4.Nbd2 b6 5.a3 Bxd2+ 6.Bxd2 Bb7 7.g3 O-O 8.Bg2 d6
9.O-O Nbd7 10.Ne1 Bxg2 11.Nxg2 Qe7 12.Bg5 h6 13.Bxf6 Nxf6 14.Re1 Ne4 15.Qd3 f5
16.f3 Ng5 17.h4 Nh7 18.e4 Qd7 19.Rad1 fxe4 20.Qxe4 Rae8 21.Nf4 Rf6 22.Re3 Nf8
23.Rde1 Rf7 24.Kg2 a5 25.b4 axb4 26.axb4 Qa4 27.Qb1 Qd7 28.b5 Ree7 29.Qe4 Re8
30.Qc6 Qc8 31.c5 bxc5 32.dxc5 dxc5 33.Qxc5 Rd7 34.R1e2 Rd1 35.Rc3 Qb8 36.Qe5 Re7
37.Rec2 Qa7 38.Qc5 Qxc5 39.Rxc5 Rb1 40.Rd2 Re8 41.Ne2 e5 42.Kf2 Re7 43.Nc3 Rc1
44.Rc6 Rf7 45.Rd8 Rc2+ 46.Ke3 Rc1 47.Nd5 Rf1 48.f4 exf4+ 49.gxf4 Re1+ 50.Kf2 Rb1
51.Rxc7 Rxb5 52.Rxf7 Kxf7 53.Kf3 Rb7 54.f5 Nd7 55.Kf4 Ra7 56.Rc8 Ra4+ 57.Kg3 Rd4
58.Ne3 Ne5 59.Rb8 Rd7 60.Rb6 Ra7 61.Rb5 Nd7 62.Ng4 Ra3+ 63.Kf4 Ra4+ 64.Kg3 h5
65.Ne3 Re4 66.Nd5 Rg4+ 67.Kh3 Rd4 68.Kg3 Rg4+  1/2-1/2

[Event "Podolsk GMA-qual"]
[Site "Podolsk"]
[Date "1989.??.??"]
[Round "?"]
[White "Ruban, Vadim"]
[Black "Kiselev, Sergey"]
[Result "1-0"]
[WhiteElo "2515"]
[BlackElo "2445"]

1.d4 Nf6 2.c4 e6 3.Nf3 Bb4+ 4.Nbd2 b6 5.e3 Bb7 6.Bd3 O-O 7.O-O d5 8.a3 Be7
9.cxd5 exd5 10.b4 Nbd7 11.Bb2 c5 12.bxc5 bxc5 13.dxc5 Nxc5 14.Be2 Nfe4 15.Nd4 Bf6
16.Rb1 Rb8 17.Nxe4 dxe4 18.a4 Qd5 19.Ba3 Ba8 20.Nb5 Qg5 21.Qc2 Be7 22.Nxa7 Rxb1
23.Rxb1 Nd3 24.Bxe7 Qxe7 25.Nb5 g6 26.Nd4 h5 27.h3 Qh4 28.Bf1 Bd5 29.a5 Ra8
30.Ra1 Qd8 31.a6 Rc8 32.Qd2 Bc4 33.a7 Ra8 34.Qc3 Bd5 35.Bxd3 exd3 36.Qxd3 Qb6
37.Qb5 Qd6 38.Ra6 Qd8 39.Rb6 Qg5 40.Rb8+ Kh7 41.Nf3 Qf5  1-0

[Event "Portoroz"]
[Site "Portoroz"]
[Date "1989.??.??"]
[Round "?"]
[White "Orel, Oskar"]
[Black "Plesec, Damjan"]
[Result "1/2-1/2"]
[WhiteElo "2335"]
[BlackElo "2265"]

1.d4 Nf6 2.c4 e6 3.Nf3 Bb4+ 4.Nbd2 d5 5.e3 O-O 6.a3 Be7 7.Qc2 Nbd7 8.b4 a5
9.b5 c5 10.bxc6 bxc6 11.Be2 Ba6 12.e4 dxe4 13.Nxe4 Nxe4 14.Qxe4 c5 15.Be3 Rc8
16.Rd1 Qc7 17.Bf4  1/2-1/2

[Event "CSR-ch int"]
[Site "Prague"]
[Date "1989.??.??"]
[Round "8"]
[White "Stohl, Igor"]
[Black "Mokry, Karel"]
[Result "1/2-1/2"]
[WhiteElo "2455"]
[BlackElo "2500"]

1.d4 Nf6 2.c4 e6 3.Nf3 Bb4+ 4.Nbd2 d5 5.Qa4+ Nc6 6.a3 Be7 7.e3 O-O 8.Qc2 Re8
9.b3 Nb8 10.Bb2 Nbd7 11.Bd3 c5 12.cxd5 exd5 13.O-O cxd4 14.Bxd4 Nf8 15.Rfc1 Ne6
16.Bb2 Bd7 17.Ne5 Rc8 18.Qd1 Nc5 19.Nxd7 Qxd7 20.Be2 Qf5 21.Bd4 a6 22.b4 Nce4
23.Nxe4  1/2-1/2

[Event "Primorsko op"]
[Site "Primorsko"]
[Date "1989.??.??"]
[Round "?"]
[White "Peev, Peicho Chonev"]
[Black "Petkov, Vladimir"]
[Result "1-0"]
[WhiteElo "2385"]
[BlackElo "2260"]

1.d4 Nf6 2.c4 e6 3.Nf3 Bb4+ 4.Nbd2 b6 5.a3 Bxd2+ 6.Bxd2 Bb7 7.b4 d6 8.Bg5 Nbd7
9.e3 Qe7 10.Be2 h6 11.Bh4 O-O 12.O-O c5 13.Nd2 Rac8 14.Bf3 Bxf3 15.Qxf3 Rc7
16.Rfd1 cxd4 17.exd4 Rfc8 18.Bg3 e5 19.Re1 Qd8 20.Rad1 exd4 21.Bxd6 Rc6 22.Bg3 Nf8
23.Qd3 Ne6 24.h3 Nh5 25.Be5 Nhf4 26.Qe4 Ng6 27.Bg3 Qf6 28.Qd3 Ngf4 29.Qf3 g5
30.Kh2 Qg6 31.Re4 Rd6 32.Rde1 Rd7 33.Bxf4 gxf4 34.h4 Kh7 35.Re5 d3 36.h5 Qf6
37.Rd5 Rcd8 38.Qxd3+  1-0

[Event "Primorsko op"]
[Site "Primorsko"]
[Date "1989.??.??"]
[Round "?"]
[White "Ilieva, Hristina"]
[Black "Sakhatova, Elvira"]
[Result "1-0"]
[WhiteElo "2045"]
[BlackElo "2140"]

1.d4 Nf6 2.Nf3 e6 3.c4 Bb4+ 4.Nbd2 d5 5.Qa4+ Nc6 6.a3 Bxd2+ 7.Bxd2 Ne4 8.Be3 O-O
9.g3 Ne7 10.Bg2 Nf5 11.O-O Nxe3 12.fxe3 Qe7 13.Rac1 c6 14.Qc2 Nf6 15.Ne5 dxc4
16.e4 Bd7 17.Qxc4 Rad8 18.b4 Ne8 19.Qc5 Qxc5 20.bxc5 Bc8 21.e3 Nc7 22.Nc4 f6
23.Rfd1 e5 24.d5 Na6 25.Na5 cxd5 26.exd5 Bg4 27.Nxb7 Bxd1 28.Rxd1 Rb8 29.c6 Rxb7
30.cxb7 Kf7 31.Rc1 Ke7 32.Bf1 Nb8 33.Rc7+ Kd6 34.Rc8  1-0

[Event "Royan op"]
[Site "Royan"]
[Date "1989.??.??"]
[Round "6"]
[White "Schulz, K."]
[Black "Hoffman, Alejandro"]
[Result "1/2-1/2"]
[WhiteElo "2350"]
[BlackElo "2390"]

1.Nf3 Nf6 2.c4 e6 3.d4 Bb4+ 4.Nbd2 b6 5.e3 Bb7 6.Bd3 O-O 7.Qc2 d5 8.a3 Be7
9.e4 dxe4 10.Nxe4 Nbd7 11.Bf4 c5  1/2-1/2